|
|
|
|
| LEADER |
00000Cam#a2200000#a#4500 |
| 001 |
022001 |
| 005 |
20160721160115.0 |
| 008 |
100917s2001||||ne ad f#b #000|0#dut#d |
| 020 |
|
|
|a 9036715016
|
| 040 |
|
|
|a AR-BeUNQ
|
| 082 |
0 |
4 |
|a 571.77
|2 21
|
| 100 |
1 |
|
|a Oklejewicz, Malgorzata Marta
|
| 245 |
1 |
3 |
|a The rate of living in tau mutant syrian hamsters :
|b studies on the impact of cicadian allele on temporal organisation
|c Malgorzata Marta Oklejewicz.
|
| 260 |
|
|
|a Groningen :
|b University of Groningen,
|c 2001.
|
| 300 |
|
|
|a 176 p. :
|b il., gráficos ;
|c 24 cm.
|
| 500 |
|
|
|a Tesis presentada para optar el título de Doctor en Matemáticas y Ciencias Naturales de la Universidad de Groninga.
|
| 500 |
|
|
|a Lugar de realización: Centro de Biología, Departamento de Conducta Animal, Universidad de Groninga.
|
| 502 |
|
|
|a Tesis (doctorado) - Universidad de Groninga, 2001.
|
| 504 |
|
|
|a Incluye referencias bibliográficas.
|
| 650 |
|
7 |
|a Tesis doctorales
|2 spines
|
| 650 |
|
7 |
|a Fisiología animal
|2 spines
|
| 650 |
|
7 |
|a Metabolismo animal
|2 spines
|
| 650 |
|
7 |
|a Ritmos biológicos
|2 spines
|
| 929 |
|
|
|a DONACION
|b Proveniente de: Laboratorio de cronobiología
|d 0,00
|e 20070307
|f PAT0018790
|g P48
|j 45377
|
| 942 |
|
|
|c LIB
|n 0
|
| 999 |
|
|
|c 21325
|d 96712
|